2020label - club2020 & club2020 Mixtape - Statystyki

Ogólne statystyki
  • Ten quiz został rozwiązany 76 razy
  • Średni wynik to 14 z 26
Statystyki odpowiedzi
Numer Tytuł Wykonawcy % Poprawnych
1 club2020 OIO, CatchUp, Taco Hemingway
89%
5 Malibu Barbie Oki, Otsochodzi, Young Leosia, Taco Hemingway, Dwa Sławy, Gruby Mielzky
88%
8 Przypływ Avi, Oskar83, Gruby Mielzky
74%
4 Landlord OIO, schafter
72%
2 No weź Oki, Young Igi, Young Leosia, Taco Hemingway
65%
13 Ej, mała! OIO, Taco Hemingway
63%
6 Deszcz Otsochodzi, Taco Hemingway, Margaret, schafter, Dwa Sławy, Gruby Mielzky
61%
8 O.N.A Taco hemingway, Otsochodzi, schafter
56%
7 Wszystko gra Young Igi, Oki, Young Leosia, CatchUp, Łajzol
56%
17 100k euro HAŁASTRA, Łajzol, Kukon, schafter
54%
3 Vertigo HAŁASTRA, Dwa Sławy, Margaret, Taco Hemingway
54%
14 Candy flip DZIARMA, Young Leosia, Margaret
51%
12 Ciepło - zimno DZIARMA, Young Igi
51%
18 CYPHER2022 (WSZYSCY W PROJEKCIE)
51%
11 Late Night Show Oki, Margaret, Dwa Sławy, schafter
51%
10 Tak naprawdę PRO8L3M, Łajzol, HAŁASTRA, Dwa Sławy, Avi, Taco Hemingway, Gruby Mielzky
49%
15 Gdzie jest moje co? HAŁASTRA, Pers, Astek
46%
2 Nakaz Young Igi, CatchUp, Young Leosia, Łajzol
44%
9 A mówiłem Ci Otsochodzi, Young Leosia, HAŁASTRA, Gruby Mielzky
42%
4 Tr∆jkąt Miły ATZ, HAŁASTRA, Dwa Sławy, Taco Hemingway, schafter, Gruby Mielzky, Szczyl, Pers
42%
1 Dwa zero, dwa zero Astek, Taco Hemingway, Gruby Mielzky, Szczyl
40%
16 Zadzwonię później Young Igi, Oki, Young Leosia
40%
7 Atut fantastic CatchUp, Astek, Miły ATZ, Pers
35%
3 Plus 1 Dwa Sławy, CatchUp
33%
5 Daj k***** miodu Dwa Sławy, Margaret, Pers
32%
6 Zróbmy taki numer Dwa Sławy, Gruby Mielzky, Łajzol
25%
Nie znaleziono quizów pasujących do podanych kryteriów
Rozkład punktacji
Procent ludzi z każdym wynikiem
Percentyl według liczby udzielonych odpowiedzi
Twoja historia wyników
Nie rozwiązałeś tego quizu